[Event "DSM WK M 2010"]
[Site "Karlsruhe GER"]
[Date "2010.05.08"]
[Round "4"]
[White "Reyher, Susan"]
[Black "Brüser, Antonia"]
[Result "1-0"]
[Termination "normal"]
[Board "6.1"]
[WhiteElo "1246"]
[BlackElo "768"]
[WhiteTeam "J.H. Pestalozzi GS Leegebruch"]
[BlackTeam "KGS Stella Neubrandenburg"]
[PlyCount "59"]
[WhiteFideId "24686107"]
[EventCountry "GER"]
[EventRounds "7"]
[EventType "team-swiss"]
[EventDate "2010.05.06"]

1. e4 e5 2. Nf3 Nc6 3. Bc4 Bc5 4. c3 d6 5. d4 exd4 6. cxd4 Bb6 7. Nc3 Nf6 8.
Bg5 h6 9. Bh4 Bg4 10. h3 Be6 11. d5 Bd7 12. dxc6 Bxc6 13. Nd5 Bxd5 14. Bxd5 Qe7
15. O-O O-O-O 16. Re1 g5 17. Bg3 Rhg8 18. e5 dxe5 19. Rxe5 Qf8 20. Rf5 Rg6 21.
Qb3 g4 22. Nh4 Rg5 23. Rxf6 Rh5 24. Bxf7 Rc5 25. Be6+ Kb8 26. Rxf8 Rxf8 27.
Bxg4 h5 28. Bf3 Rg5 29. Kf1 Bc5 30. Qxb7# 1-0

[Event "DSM WK M 2010"]
[Site "Karlsruhe GER"]
[Date "2010.05.08"]
[Round "4"]
[White "Pfahl, Danielle"]
[Black "Wolff, Marie Antoinette"]
[Result "1-0"]
[Termination "normal"]
[Board "6.2"]
[WhiteElo "800"]
[BlackElo "939"]
[WhiteTeam "KGS Stella Neubrandenburg"]
[BlackTeam "J.H. Pestalozzi GS Leegebruch"]
[PlyCount "25"]
[BlackFideId "12908258"]
[EventCountry "GER"]
[EventRounds "7"]
[EventType "team-swiss"]
[EventDate "2010.05.06"]

1. e4 e5 2. Nf3 Nc6 3. Nc3 Nf6 4. Bc4 g6 5. d3 Bg7 6. Bg5 O-O 7. Qd2 Qe8 8.
O-O-O Ng4 9. Rhe1 Bh6 10. Bxh6 Nxh6 11. Qxh6 Kh8 12. Ng5 f6 13. Qxh7# 1-0

[Event "DSM WK M 2010"]
[Site "Karlsruhe GER"]
[Date "2010.05.08"]
[Round "4"]
[White "Sauer, Annika"]
[Black "Schumann, Anja"]
[Result "1-0"]
[Termination "normal"]
[Board "6.3"]
[WhiteElo "1033"]
[BlackElo "800"]
[WhiteTeam "J.H. Pestalozzi GS Leegebruch"]
[BlackTeam "KGS Stella Neubrandenburg"]
[PlyCount "107"]
[WhiteFideId "12952052"]
[EventCountry "GER"]
[EventRounds "7"]
[EventType "team-swiss"]
[EventDate "2010.05.06"]

1. e4 e5 2. Nf3 Nc6 3. Bc4 Nf6 4. d3 Bc5 5. Nc3 d6 6. O-O Be6 7. Bg5 h6 8. Bh4
O-O 9. Na4 Nd4 10. Nxc5 dxc5 11. c3 Nxf3+ 12. Qxf3 Bg4 13. Qg3 a6 14. Qxe5 Qd6
15. Qxd6 cxd6 16. Bxf6 gxf6 17. Rfe1 b5 18. Bd5 Be6 19. Bxa8 Rxa8 20. Re3 b4
21. Rg3+ Kf8 22. cxb4 cxb4 23. a3 b3 24. d4 f5 25. exf5 Bxf5 26. Rxb3 Bc2 27.
Rb7 Ke8 28. Re1+ Kf8 29. Ree7 Kg7 30. Rxf7+ Kg6 31. Rg7+ Kf6 32. Rbf7+ Ke6 33.
Kf1 Bd3+ 34. Ke1 Rc8 35. Kd2 Be4 36. Ke3 Kd5 37. f3 Re8 38. fxe4+ Rxe4+ 39. Kf3
Kxd4 40. Rd7 d5 41. Rg4 Ke5 42. Re7+ Kf5 43. Rgxe4 dxe4+ 44. Rxe4 h5 45. Rf4+
Kg5 46. h4+ Kh6 47. g4 hxg4+ 48. Kxg4 a5 49. Rf6+ Kg7 50. Kg5 a4 51. h5 Kh7 52.
Rf7+ Kg8 53. Kg6 Kh8 54. Rf8# 1-0

[Event "DSM WK M 2010"]
[Site "Karlsruhe GER"]
[Date "2010.05.08"]
[Round "4"]
[White "Szewirski, Lea Antonia"]
[Black "Allonge, Mandy"]
[Result "0-1"]
[Termination "normal"]
[Board "6.4"]
[WhiteElo "800"]
[BlackElo "866"]
[WhiteTeam "KGS Stella Neubrandenburg"]
[BlackTeam "J.H. Pestalozzi GS Leegebruch"]
[PlyCount "50"]
[EventCountry "GER"]
[EventRounds "7"]
[EventType "team-swiss"]
[EventDate "2010.05.06"]

1. e4 e5 2. Nf3 Nc6 3. Nc3 Nf6 4. Bc4 Bb4 5. d3 d6 6. O-O Bg4 7. Bg5 Nd4 8.
Nxd4 Bxd1 9. Raxd1 exd4 10. Nd5 c6 11. Nxf6+ gxf6 12. Bh6 d5 13. exd5 cxd5 14.
Bb5+ Ke7 15. c3 dxc3 16. Rde1+ Kd6 17. Re3 Qb6 18. Be8 Rhxe8 19. Rfe1 Rg8 20.
bxc3 Bxc3 21. Rc1 Bd4 22. Ree1 Bxf2+ 23. Kh1 Bxe1 24. Rxe1 Qf2 25. h3 Qxg2# 0-1

[Event "DSM WK M 2010"]
[Site "Karlsruhe GER"]
[Date "2010.05.08"]
[Round "4"]
[White "Bykov, Ilona"]
[Black "Hoffmann, Hanna Dorina"]
[Result "0-1"]
[Termination "normal"]
[Board "7.1"]
[WhiteElo "783"]
[BlackElo "1536"]
[WhiteTeam "Südendschule Karlsruhe"]
[BlackTeam "Mallinckrodt-Gymnasium Dortmund"]
[PlyCount "72"]
[WhiteFideId "12964433"]
[BlackFideId "12909858"]
[EventCountry "GER"]
[EventRounds "7"]
[EventType "team-swiss"]
[EventDate "2010.05.06"]

1. e4 c5 2. Nf3 d6 3. Bc4 Nf6 4. Nc3 g6 5. Ng5 e6 6. d3 Bg7 7. Bb5+ Bd7 8.
Bxd7+ Nbxd7 9. d4 Qb6 10. d5 e5 11. Na4 Qa5+ 12. Nc3 b5 13. O-O c4 14. Bd2 b4
15. Ne2 Qb6 16. Be3 Qb7 17. b3 Rc8 18. a4 O-O 19. c3 bxc3 20. Nxc3 cxb3 21. Nb1
Nc5 22. Bxc5 Rxc5 23. Nd2 b2 24. Rb1 Rfc8 25. h3 Bh6 26. Ngf3 Qb4 27. Nb3 Rc2
28. Qd3 R8c3 29. Qa6 Qxb3 30. Nd2 Bxd2 31. Rfd1 Rc1 32. Qe2 Rxb1 33. Rxb1 Rc1+
34. Rxc1 bxc1=Q+ 35. Qf1 Qxf1+ 36. Kxf1 Qd1# 0-1

[Event "DSM WK M 2010"]
[Site "Karlsruhe GER"]
[Date "2010.05.08"]
[Round "4"]
[White "Demetrescu, Alice"]
[Black "Ketterer, Beatrice"]
[Result "0-1"]
[Termination "normal"]
[Board "7.2"]
[WhiteElo "800"]
[BlackElo "800"]
[WhiteTeam "Mallinckrodt-Gymnasium Dortmund"]
[BlackTeam "Südendschule Karlsruhe"]
[PlyCount "30"]
[BlackFideId "12983411"]
[EventCountry "GER"]
[EventRounds "7"]
[EventType "team-swiss"]
[EventDate "2010.05.06"]

1. d4 d5 2. c4 dxc4 3. Nc3 Nc6 4. e3 Nf6 5. Bxc4 Na5 6. Bd3 Bg4 7. Nge2 Bxe2 8.
Nxe2 e6 9. a3 Qd5 10. O-O Nb3 11. Rb1 Bd6 12. Bd2 c5 13. Bc3 cxd4 14. Nxd4 Qe5
15. Nxb3 Qxh2# 0-1

[Event "DSM WK M 2010"]
[Site "Karlsruhe GER"]
[Date "2010.05.08"]
[Round "4"]
[White "Kanstinger, Pia"]
[Black "Reinecke, Lena"]
[Result "0-1"]
[Termination "normal"]
[Board "7.3"]
[WhiteElo "800"]
[BlackElo "800"]
[WhiteTeam "Südendschule Karlsruhe"]
[BlackTeam "Mallinckrodt-Gymnasium Dortmund"]
[PlyCount "68"]
[EventCountry "GER"]
[EventRounds "7"]
[EventType "team-swiss"]
[EventDate "2010.05.06"]

1. e4 e5 2. Nf3 Nc6 3. Nc3 Nf6 4. Bb5 Bc5 5. O-O O-O 6. Bxc6 dxc6 7. d3 Bg4 8.
Bg5 h6 9. Bxf6 Qxf6 10. a3 Bxf3 11. Qxf3 Qxf3 12. gxf3 Rae8 13. b4 Bd4 14. Rab1
Bxc3 15. Rb3 Bd4 16. c3 Bb6 17. d4 exd4 18. cxd4 Bxd4 19. Rd1 Rd8 20. Kg2 c5
21. bxc5 Bxc5 22. Rxd8 Rxd8 23. f4 Rd2 24. Rf3 Bd4 25. e5 c5 26. f5 c4 27. Rf4
c3 28. f6 Bxe5 29. Rf5 gxf6 30. h3 c2 31. Rf3 c1=Q 32. h4 Qe1 33. h5 Rd1 34. a4
Qh1# 0-1

[Event "DSM WK M 2010"]
[Site "Karlsruhe GER"]
[Date "2010.05.08"]
[Round "4"]
[White "Frieling, Nora"]
[Black "Gschwend, Lena"]
[Result "1-0"]
[Termination "normal"]
[Board "7.4"]
[WhiteElo "800"]
[BlackElo "800"]
[WhiteTeam "Mallinckrodt-Gymnasium Dortmund"]
[BlackTeam "Südendschule Karlsruhe"]
[PlyCount "43"]
[EventCountry "GER"]
[EventRounds "7"]
[EventType "team-swiss"]
[EventDate "2010.05.06"]

1. e4 e5 2. Nf3 Nc6 3. Bc4 Nf6 4. Ng5 Bc5 5. Nxf7 Qe7 6. Nxh8 d6 7. d3 Bg4 8.
Qd2 Bb4 9. c3 Bc5 10. O-O O-O-O 11. Qe1 Bh5 12. Bg5 Ng4 13. Bxe7 Re8 14. Bg5
Nxf2 15. Rxf2 Bxf2+ 16. Qxf2 Rxh8 17. Nd2 Nd8 18. Rf1 Nf7 19. Bxf7 g6 20. Be6+
Kb8 21. Qf8+ Rxf8 22. Rxf8# 1-0

[Event "DSM WK M 2010"]
[Site "Karlsruhe GER"]
[Date "2010.05.08"]
[Round "4"]
[White "Berdin, Victoria"]
[Black "Wichert, Melanie"]
[Result "1-0"]
[Termination "normal"]
[Board "8.1"]
[WhiteElo "1073"]
[BlackElo "800"]
[WhiteTeam "Freiherr-vom-Stein-Gymnasium Berlin"]
[BlackTeam "Gymnasium am Thie Blankenburg"]
[PlyCount "61"]
[EventCountry "GER"]
[EventRounds "7"]
[EventType "team-swiss"]
[EventDate "2010.05.06"]

1. e4 e5 2. Nf3 d6 3. Nc3 Nf6 4. Bc4 Nc6 5. d3 h6 6. Be3 Be7 7. h3 O-O 8. O-O
Re8 9. Nh4 Bf8 10. Nf5 Bxf5 11. exf5 d5 12. Bb3 d4 13. Ne4 dxe3 14. Nxf6+ Qxf6
15. Qg4 Ne7 16. fxe3 g5 17. fxg6 Qxg6 18. Bxf7+ Kg7 19. Bxg6 Nxg6 20. h4 Rad8
21. h5 Rd6 22. hxg6 Rxg6 23. Qf5 Kh7 24. Qf7+ Bg7 25. Qxe8 Rf6 26. Rxf6 Bxf6
27. Qf7+ Bg7 28. Rf1 c5 29. Rf3 b5 30. Rg3 a6 31. Qxg7# 1-0

[Event "DSM WK M 2010"]
[Site "Karlsruhe GER"]
[Date "2010.05.08"]
[Round "4"]
[White "Böhnki, Linda"]
[Black "Erol, Nuriye Özgü"]
[Result "0-1"]
[Termination "normal"]
[Board "8.2"]
[WhiteElo "800"]
[BlackElo "800"]
[WhiteTeam "Gymnasium am Thie Blankenburg"]
[BlackTeam "Freiherr-vom-Stein-Gymnasium Berlin"]
[PlyCount "22"]
[EventCountry "GER"]
[EventRounds "7"]
[EventType "team-swiss"]
[EventDate "2010.05.06"]

1. e4 e5 2. Nf3 Nc6 3. d3 Bc5 4. Ng5 d6 5. Qf3 Nf6 6. Nc3 Nd4 7. Qd1 O-O 8. Nd5
Be6 9. Nxe6 fxe6 10. Nxf6+ Qxf6 11. c3 Qxf2# 0-1

[Event "DSM WK M 2010"]
[Site "Karlsruhe GER"]
[Date "2010.05.08"]
[Round "4"]
[White "Taera, Nadhi"]
[Black "Wilken, Andrea"]
[Result "0-1"]
[Termination "normal"]
[Board "8.3"]
[WhiteElo "800"]
[BlackElo "800"]
[WhiteTeam "Freiherr-vom-Stein-Gymnasium Berlin"]
[BlackTeam "Gymnasium am Thie Blankenburg"]
[PlyCount "60"]
[EventCountry "GER"]
[EventRounds "7"]
[EventType "team-swiss"]
[EventDate "2010.05.06"]

1. e4 e5 2. Nc3 Nc6 3. Nf3 Nf6 4. Bc4 Bc5 5. d3 O-O 6. Bg5 h6 7. Be3 Bxe3 8.
fxe3 Ng4 9. O-O Qf6 10. h3 Nxe3 11. Qd2 Nxf1 12. Kxf1 d6 13. Nd5 Qd8 14. h4 Bg4
15. Kf2 Bxf3 16. gxf3 Qxh4+ 17. Kg1 Nd4 18. Qe3 Nxc2 19. Qc1 Nxa1 20. Qxa1 Rae8
21. Qd1 Re6 22. Kf1 Rg6 23. Ne7+ Qxe7 24. Ke2 Qg5 25. Qf1 Qf4 26. Qf2 h5 27.
Kd1 h4 28. Kc2 Rh6 29. a4 h3 30. Kb3 h2 0-1

[Event "DSM WK M 2010"]
[Site "Karlsruhe GER"]
[Date "2010.05.08"]
[Round "4"]
[White "Lehmann, Frederike"]
[Black "Miloslavski, Taisija"]
[Result "0-1"]
[Termination "normal"]
[Board "8.4"]
[WhiteElo "800"]
[BlackElo "800"]
[WhiteTeam "Gymnasium am Thie Blankenburg"]
[BlackTeam "Freiherr-vom-Stein-Gymnasium Berlin"]
[PlyCount "86"]
[EventCountry "GER"]
[EventRounds "7"]
[EventType "team-swiss"]
[EventDate "2010.05.06"]

1. e4 e5 2. Nf3 Nc6 3. d4 Nxd4 4. c3 Nxf3+ 5. gxf3 Nf6 6. Bg5 Be7 7. Bb5 h6 8.
Rg1 hxg5 9. Rxg5 g6 10. Qb3 c6 11. c4 cxb5 12. cxb5 Nxe4 13. Rxe5 Nc5 14. Qc4
d6 15. Re4 Nxe4 16. fxe4 Be6 17. Qd4 Rxh2 18. Qd3 Bh4 19. Kf1 Rxf2+ 20. Kg1
Rxb2 21. Nc3 Bf6 22. Rf1 Bxc3 23. Qxc3 Rxa2 24. Qh8+ Kd7 25. Qh7 Qe8 26. Rf6
Rc8 27. Qh6 Qf8 28. Qg5 Rc5 29. e5 dxe5 30. Qe3 Rxb5 31. Qd3+ Kc6 32. Rf2 Rxf2
33. Kxf2 Qd6 34. Ke3 Qxd3+ 35. Kxd3 a5 36. Ke4 f6 37. Ke3 a4 38. Kf3 a3 39. Ke3
a2 40. Kd3 a1=Q 41. Kc2 Rb3 42. Kd2 Qa2+ 43. Kc1 Rb1# 0-1